| Tag |
First Indicator |
Second Indicator |
Subfields |
| LEADER |
00000cam a2200000 a 4500 |
| 001 |
in00001385421 |
| 005 |
20151019180456.0 |
| 008 |
970729s1997 enka 100 0 eng d |
| 010 |
|
|
|a gb 97051457
|
| 015 |
|
|
|a GB97-51457
|
| 020 |
|
|
|a 0852966881 (pbk)
|
| 035 |
|
|
|a (OCoLC)37552785
|
| 035 |
|
|
|9 AHL2496AM
|
| 040 |
|
|
|a UKM
|c UKM
|d TXA
|d UtOrBLW
|
| 049 |
|
|
|a TXAM
|
| 082 |
0 |
4 |
|a 621.384151
|2 21
|
| 090 |
|
|
|a TK6553
|b .I615 1997
|
| 111 |
2 |
|
|a International Conference on HF Radio Systems and Techniques
|n (7th :
|d 1997 :
|c East Midlands Conference Centre)
|
| 245 |
1 |
0 |
|a Seventh International Conference on HF Radio Systems and Techniques, 7-10 July 1997 /
|c [organised by the Electronics Division of the Institution of Electrical Engineers in association with Eurel [and others].
|
| 264 |
|
1 |
|a [London] :
|b [Institution of Electrical Engineers],
|c [1997]
|
| 264 |
|
4 |
|c ©1997
|
| 300 |
|
|
|a xvii, 463 pages :
|b illustrations ;
|c 30 cm.
|
| 336 |
|
|
|a text
|b txt
|2 rdacontent
|
| 337 |
|
|
|a unmediated
|b n
|2 rdamedia
|
| 338 |
|
|
|a volume
|b nc
|2 rdacarrier
|
| 490 |
0 |
|
|a Conference publication,
|x 0537-9989 ;
|v no. 441
|
| 650 |
|
0 |
|a Shortwave radio
|v Congresses.
|
| 710 |
2 |
|
|a Institution of Electrical Engineers.
|b Electronics Division.
|
| 710 |
2 |
|
|a Convention of National Societies of Electrical Engineers of Europe.
|
| 830 |
|
0 |
|a Conference publication (Institution of Electrical Engineers) ;
|v no 441.
|
| 999 |
|
|
|a MARS
|
| 999 |
f |
f |
|s 1df99687-800e-37be-8374-a047d86da4e3
|i f50acc56-17df-3bc5-aa63-d37d0c1c8e83
|t 0
|
| 952 |
f |
f |
|p ric
|a Texas A&M University
|b Rellis Campus
|c Joint Library Facility
|d Remote Storage
|t 0
|e TK6553 .I615 1997
|h Library of Congress classification
|i unmediated -- volume
|m A14821545583
|
| 998 |
f |
f |
|a TK6553 .I615 1997
|t 0
|l Remote Storage
|